Költség-, ár-, és jövedelemviszonyok a mezögazdasági kis- és nagyüzemekben.

Súčasné poľnohospodárstvo Maďarska. Rozpadávanie poľnohospodárskych kolosov a vytváranie integrovaných malých poľnohospodárskych podnikov. Samostatne hospodáriaci roľníci. Špecializácia poľnohospodárskych podnikov. Analýza príčin efektívnejšieho prosperovania menších poľnohospodárskych celkov. Tried...

Descrizione completa

Salvato in:
Dettagli Bibliografici
Autore principale: Kapronczai, I.
Altri autori: Tomka, J.
Natura: Capitolo di libro
Lingua:ungherese
Soggetti:
Tags: Aggiungi Tag
Nessun Tag, puoi essere il primo ad aggiungerne!!

MARC

LEADER 00000naa a2200000 4500
001 r005106
005 20221125113703.0
041 0 |a hun 
044 |a HU 
245 1 0 |a Költség-, ár-, és jövedelemviszonyok a mezögazdasági kis- és nagyüzemekben.  |c I. Kapronczai, J. Tomka 
520 |a Súčasné poľnohospodárstvo Maďarska. Rozpadávanie poľnohospodárskych kolosov a vytváranie integrovaných malých poľnohospodárskych podnikov. Samostatne hospodáriaci roľníci. Špecializácia poľnohospodárskych podnikov. Analýza príčin efektívnejšieho prosperovania menších poľnohospodárskych celkov. Triedenie nákladov podľa druhov a charakteru výroby. 
610 2 0 |a podnik poľnohospodársky 
610 2 0 |a MR 
610 2 0 |a náklady výrobné 
610 2 0 |a ceny podnikové 
610 2 0 |a dôchodok podniku 
610 2 0 |a podnik malý 
610 2 0 |a podnik veľký 
610 2 0 |a špecializácia výroby 
100 1 |a Kapronczai, I. 
700 1 |a Tomka, J.